| 000 | 00949nam a2200313 i 4500 | ||
|---|---|---|---|
| 003 | DO-SdBNP | ||
| 005 | 20240611100809.0 | ||
| 007 | ta | ||
| 008 | 240611b2023 dr ||||| |||| 00| 0 spa d | ||
| 020 | _z9789945942378 | ||
| 040 |
_aDO-SdBNP _bspa _cBNPHU _erda |
||
| 082 | 4 |
_bS211b _222 |
|
| 100 | 1 |
_aSánchez Beras, César _eautor _923557 |
|
| 245 | 1 | 0 |
_aBismar y la máquina del tiempo / _cCésar Sánchez Beras ; ilustraciones de Carlos H. Bruzon |
| 264 |
_aSanto Domingo : _bBúho, _c2023. |
||
| 300 |
_a48 páginas : _bilustraciones ; _c22 cm. |
||
| 336 |
_2rdacontent _atexto _btxt |
||
| 337 |
_2rdamedia _asin mediación _bn |
||
| 338 |
_2rdacarrier _avolumen _bnc |
||
| 590 | _aInventariado, 2024/DG | ||
| 600 | _923557 | ||
| 650 | _9223 | ||
| 650 | _967 | ||
| 700 | _984882 | ||
| 700 | 1 |
_aVicente, María del Carmen, _ecorrección _957201 |
|
| 700 | 1 |
_aLiz Rodríguez, Apolinar, _ecorrección _984877 |
|
| 910 | _aDG | ||
| 942 |
_2ddc _cLF2 |
||
| 999 |
_c56806 _d56806 |
||